| 000 | 01409nam a22003737a 4500 | ||
|---|---|---|---|
| 003 | CHAP | ||
| 005 | 20220329143507.0 | ||
| 008 | 100209s2009 mx r 00010 spa d | ||
| 010 | _a97509 | ||
| 011 | _a98481 | ||
| 035 | _a109166 | ||
| 040 | _cCHAP | ||
| 090 | _aTesis | ||
| 100 | 1 |
_aHernández Acevedo, Gabriela. _953771 |
|
| 245 | 1 | 0 |
_aDeterminación del periodo de liberación de ascosporas de Phaeocryptopus gaeumannii (Rhode) Petrak en plantaciones de árboles de navidad _c/por Gabriela Hernández Acevedo |
| 260 |
_aChapingo, Méx. : _bEl autor, _c2009 |
||
| 300 |
_aviii, 75 h. : _bcuadros, gráfs. |
||
| 502 | _aTesis (Ing. Forestal) -- UACH. División de Ciencias Forestales | ||
| 590 |
_aALEPH _b10 _c20130110 _lUCH01 _h1532 |
||
| 590 |
_aBATCH-UPD _b10 _c20130110 _lUCH01 _h1352 |
||
| 590 |
_aBATCH-UPD _b10 _c20130410 _lUCH01 _h0848 |
||
| 590 |
_aBATCH-UPD _b10 _c20130914 _lUCH01 _h1044 |
||
| 590 |
_aCONVERSION _b10 _c20130109 _lUCH01 _h1354 |
||
| 650 | 1 | 4 |
_aÁrboles de navidad. _982443 |
| 650 | 1 | 4 |
_aÁrboles _xPlagas. _982440 |
| 650 | 1 | 4 |
_aControl químico. _927604 |
| 650 | 1 | 4 |
_aFungicidas. _944044 |
| 650 | 1 | 4 |
_aPlantación de árboles. _988782 |
| 650 | 1 | 4 |
_aPseudotsuga menziesii. _992591 |
| 901 | _aBK | ||
| 942 | _cFOLL | ||
| 949 |
_aTesis _bBC _cTES _d33724002131454 _eTS1 _gDonaciØn _h49985 _i109166 _sb |
||
| 949 |
_aTesis _bBC _cTES _d33724002131496 _eTS2 _fc.2 _gDonaciØn _h49986 _i109166 _sb |
||
| 999 |
_c97509 _d97509 |
||